000 00583nam a2200205 i 4500
001 88245
003 ES-MaACL
005 20260525062929.0
007 t|
008 050103s1956 sp ||||1| spa d
100 1 _aLaín Entralgo, Pedro,
_d1908-2001
_969681
245 1 3 _aLa aventura de leer /
_cPedro Laín Entralgo.
250 _a[1ª ed.].
260 _aMadrid :
_bEspasa-Calpe,
_c[1956]
300 _a224 p. ;
_c18 cm.
490 1 _aColección austral ;
_v1279
830 0 _aColección austral
_v1279
_9177655
852 _aES-MaACL
_jC-11536
_bR.39420
999 _c88245
_d88245